00385nam a2200145Ia 4500008004100000020001800041041000800059082001800067100002200085245004000107250000600147260005300153300001100206650002200217210716s2012 xx 000 0 und d a9788125942610 aeng a658.4095 RANS aRangnekar, Sharu. aIn the world of corporate managers. a1 aNew DelhibVikas Publishing House Pvt Ltdc2012 axi,230 aCorporate Finance